LEADER 02516nas 22007211- 450 001 996216314103316 005 20230321202622.0 011 $a1777-5760 035 $a(CKB)110978976471951 035 $a(CONSER)---52024210- 035 $a(DE-599)ZDB2249917-9 035 $a(EXLCZ)99110978976471951 100 $a20750812a19479999 --- b 101 0 $afre 181 $ctxt$2rdacontent 182 $cc$2rdamedia 183 $acr$2rdacarrier 200 00$aBois et forêts des tropiques 210 $aParis $cSociété pour le développement de l'utilisation des bois tropicaux$d1947- 210 3 $aNogent-sur-Marne $cCentre technique forestier tropical 215 $a1 online resource 300 $aRefereed/Peer-reviewed 311 $aPrint version: Bois et forêts des tropiques. (DLC) 52024210 (OCoLC)1536655 0006-579X 531 $aBOIS FOR TROP 531 $aBOIS FOR. TROP 531 0 $aBois for. trop. 606 $aForests and forestry$zTropics$vPeriodicals 606 $aForest products$zTropics$vPeriodicals 606 $aForests and forestry$vPeriodicals 606 $aForest products$vPeriodicals 606 $aForêts$vPériodiques 606 $aProduits forestiers$vPériodiques 606 $aProduits forestiers$zRégions tropicales$vPériodiques 606 $a48.40 forestry: general$3(NL-LeOCL)077609980$2bcl 606 $aForest products$2fast$3(OCoLC)fst00932340 606 $aForests and forestry$2fast$3(OCoLC)fst00932632 606 $aTROPICAL FORESTS$2unbist 606 $aTROPICAL TIMBER$2unbist 606 $aFORESTRY$2unbist 607 $aTropics$2fast 608 $aPeriodicals.$2fast 615 0$aForests and forestry 615 0$aForest products 615 0$aForests and forestry 615 0$aForest products 615 6$aForêts 615 6$aProduits forestiers 615 6$aProduits forestiers 615 7$a48.40 forestry: general. 615 7$aForest products. 615 7$aForests and forestry. 615 7$aTROPICAL FORESTS. 615 7$aTROPICAL TIMBER. 615 7$aFORESTRY. 712 02$aSociété pour le développement de l'utilisation des bois tropicaux de l'union française. 712 02$aCentre technique forestier tropical (France) 712 02$aCIRAD-Forêt (Organization) 712 02$aComité national des bois tropicaux. 906 $aJOURNAL 912 $a996216314103316 920 $aexl_impl conversion 996 $aBois et forêts des tropiques$92097614 997 $aUNISA LEADER 02312nam0 22005653i 450 001 VAN0249400 005 20230531084637.627 017 70$2N$a9783030520748 100 $a20220830d2020 |0itac50 ba 101 $aeng 102 $aCH 105 $a|||| ||||| 200 1 $aLinear Model Theory$eExercises and solutions$fDale L. Zimmerman 210 $aCham$cSpringer$d2020 215 $avii, 353 p.$cill.$d24 cm 500 1$3VAN0249401$aLinear Model Theory : Exercises and solutions$92905463 606 $a00A07$xProblem books [MSC 2020]$3VANC021527$2MF 606 $a62-XX$xStatistics [MSC 2020]$3VANC022998$2MF 606 $a62J05$xLinear regression; mixed models [MSC 2020]$3VANC023156$2MF 606 $a62J10$xAnalysis of variance and covariance (ANOVA) [MSC 2020]$3VANC026516$2MF 610 $aANOVA$9KW:K 610 $aAitken model$9KW:K 610 $aBLUE and BLUP$9KW:K 610 $aBest linear unbiased estimation and prediction$9KW:K 610 $aDistribution theory$9KW:K 610 $aEstimability$9KW:K 610 $aExamples and exercises$9KW:K 610 $aGauss-Markov model$9KW:K 610 $aGeneralized inverse$9KW:K 610 $aLeast squares estimation$9KW:K 610 $aLinear Models$9KW:K 610 $aMatrix algebra$9KW:K 610 $aMean and error structures$9KW:K 610 $aMixed and random effects models$9KW:K 610 $aModel misspecication$9KW:K 610 $aRandom vectors$9KW:K 610 $aRegression methods$9KW:K 610 $aStatistical Theory$9KW:K 610 $aVariance component estimation$9KW:K 620 $aCH$dCham$3VANL001889 700 1$aZimmerman$bDale L.$3VANV203999$0845466 712 $aSpringer $3VANV108073$4650 801 $aIT$bSOL$c20240614$gRICA 856 4 $uhttp://doi.org/10.1007/978-3-030-52074-8$zE-book ? Accesso al full-text attraverso riconoscimento IP di Ateneo, proxy e/o Shibboleth 899 $aBIBLIOTECA DEL DIPARTIMENTO DI MATEMATICA E FISICA$1IT-CE0120$2VAN08 912 $fN 912 $aVAN0249400 950 $aBIBLIOTECA DEL DIPARTIMENTO DI MATEMATICA E FISICA$d08CONS e-book 4721 $e08eMF4721 20220830 996 $aLinear Model Theory : Exercises and solutions$92905463 997 $aUNICAMPANIA